000
00308 a2200133 4500
005
20250628195243.0
020
_a
9781107620421
100
_a
RICHARDS, J.C
245
_a
Interchange
250
_a
4th Ed.
260
_a
New York
_b
Cambridge
_c
2013
300
_a
vii, 48p.: ill; pictures
_c
28cm
942
_2
ddc
_c
BKS
999
_c
6187
_d
6187